000 02082cam a22004454i 4500
003 PE-LiUPU
005 20250731172706.0
008 150617s r 000 0 d
035 _a(Sirsi) a10301
040 _aPE-LiUPU
_bspa
_cPE-LiUPU
_erda
049 _aPRUA
082 0 4 _a220.632 1
_bS51
_221
100 1 _aSicre, José Luis,
_eautor.
245 1 0 _aIntroducción al Antiguo Testamento /
_cJosé Luis Sicre.
264 1 _aPamplona :
_bEditorial Verbo Divino,
_c1992.
300 _a229 páginas ;
_c24 cm.
336 _atext
_2rdacontent
337 _aunmediated
_2rdamedia
338 _avolume
_2rdacarrier
505 0 _aProblemas que plantea el antiguo testamento -- Valores del antiguo testamento -- Seis cuestiones elementales -- El pentateuco -- Los narradores e historiadores de Israel -- Introducción al pentateuco -- Capítulos selectos del pentateuco -- Las leyes de Israel -- La historia deuteronomista -- Una historia en cuatro actos -- La historia deuteronomista -- Leyendo la historia -- Los profetas -- La compleja imagen del profeta -- La palabra profética -- Los libros proféticos -- Historia del movimiento profético -- Desde los orígenes hasta Amós -- Historia del movimiento profético -- Desde Amós hasta el destierro -- Historia delmovimiento profético -- Desde el destierro hasta el final.
526 _aSEG42
526 _aSEG41
526 _aSEG40
526 _aSEG39
526 _aP94
526 _aP87
526 _aP86
526 _aP85
526 _aP77
526 _aP76
526 _aP35
630 _aBiblia
_pA.T.
_xIntroducciones.
910 _ajck
_bjvq
_cjck
_d20150616
942 _2ddc
_cBOOK
949 _a220.632 1 S51
_wDEWEY
_c1
_i33864
_lCCODEBUL1
_mBUL
_p00.00
_r0
_sY
_tBOOK
_u19930523
_xTEOLOGIA
_PP35
_0COMPRA
_o.STAFF. Colección General
994 _aC0
_bPEPRU
596 _a1
999 _a220.632 1 S51
_wDEWEY
_c333
_i33864
_d333
_e2019-5-7
_f2021-11-9
_g5
_lCCODEBUL1
_mBUL
_n2
_r0
_sY
_tBOOK
_u2015-6-17
_xTEOLOGIA
_PP35
_0COMPRA
_o.STAFF. Colección General
980 _81
_gALBERTO SANCHEZ Responsable de Automatización